[Event "Budapest FS04 IM"]
[Site "Budapest"]
[Date "1995.??.??"]
[Round "9"]
[White "Habibi, Ali"]
[Black "Mah, Karl"]
[Result "0-1"]
[WhiteElo "2190"]
[BlackElo "2170"]

1.Nf3 g6 2.g3 Bg7 3.d4 Nf6 4.Bg2 d6 5.c4 O-O 6.Nc3 Nbd7 7.d5 c6 8.O-O cxd5
9.cxd5 Nc5 10.Nd4 a5 11.h3 Bd7 12.a4 Qb6 13.e3 Ne8 14.Ra3 Nc7 15.Re1 N7a6
16.Bf1 Nb4 17.h4 e6 18.dxe6 fxe6 19.Ncb5 d5 20.h5 gxh5 21.Be2 Bxb5 22.axb5 h4  0-1

[Event "HUN-ch"]
[Site "Budapest"]
[Date "1995.??.??"]
[Round "9"]
[White "Ruck, Robert"]
[Black "Tolnai, Tibor"]
[Result "1/2-1/2"]
[WhiteElo "2435"]
[BlackElo "2470"]

1.c4 Nf6 2.g3 g6 3.Bg2 Bg7 4.d4 O-O 5.Nf3 d6 6.O-O Nc6 7.Nc3 Bf5 8.b3 Ne4
9.Bb2 Nxc3 10.Bxc3 Be4 11.Qd2 e6 12.Rfd1 d5 13.e3 Qe7 14.Qe2 Rfd8 15.cxd5 exd5
16.Rac1 a6 17.Bb2 Na7 18.Bh3 Bxf3 19.Qxf3 c6 20.Bf1 Nc8 21.h4 a5 22.Qe2 a4
23.Qc2 axb3 24.Qxb3 Bf8 25.Rb1 Nd6 26.Bc3 b5 27.Bb4 Qf6 28.Bxd6 Rxd6 29.Rdc1 Qd8
30.Rc3 Ra6 31.Rbc1 Qa8 32.R1c2 Rf6 33.Qb1 Kg7 34.Bd3 Ra4 35.e4 Rxd4 36.exd5 cxd5
37.Bxb5 Rb4 38.Rb3 Rxb3 39.Qxb3 d4 40.a4 Qa5 41.Qd3 Qe1+  1/2-1/2

[Event "Budapest FS10 GM"]
[Site "Budapest"]
[Date "1995.??.??"]
[Round "10"]
[White "Reschke, Stefan"]
[Black "Gonzalez Garcia, Jose"]
[Result "1/2-1/2"]
[WhiteElo "2380"]
[BlackElo "2375"]

1.c4 g6 2.g3 Bg7 3.Bg2 d6 4.d4 Nf6 5.Nf3 O-O 6.O-O Nbd7 7.Nc3 e5 8.e4 c6
9.b3 Re8 10.h3 a6 11.d5 cxd5 12.cxd5 Nc5 13.Re1 a5 14.Bf1 Bd7 15.Nd2 Rf8
16.a4 Ne8 17.Nc4 f5 18.Ra2 f4 19.Nb5 h5 20.Nbxd6 Nxd6 21.Nxd6 fxg3 22.fxg3 Rxf1+
23.Rxf1 Bxh3 24.Nc4 Bxf1 25.Qxf1 Nxb3 26.Be3 Rc8 27.Rb2 Nd4 28.Rxb7 Qf6 29.Qxf6 Bxf6
30.Nb6 Rc3 31.Nd7 Bg7 32.Bf2 g5 33.d6 Ne6 34.Nb6 Rc6 35.d7 Rd6 36.Kg2 Bf6
37.Nd5 Bd8 38.Bb6 Kf7 39.Bxd8 Nxd8 40.Ra7 Ke6 41.Rxa5 Rxd7 42.Ra6+ Rd6 43.Rxd6+ Kxd6
44.Nf6 h4 45.gxh4 gxh4 46.Nd5 Kc5 47.Kh3 Nf7 48.Kxh4 Nd6  1/2-1/2

[Event "Budapest FS11 IM-B"]
[Site "Budapest"]
[Date "1995.??.??"]
[Round "11"]
[White "Reh, Philipp"]
[Black "Kuljabin, Vadim"]
[Result "1/2-1/2"]
[WhiteElo "2105"]
[BlackElo "2230"]

1.d4 Nf6 2.Nf3 g6 3.c4 Bg7 4.g3 O-O 5.Bg2 d6 6.O-O Nc6 7.Nc3 a6 8.Bg5 Rb8
9.Rc1 Bf5 10.d5 Na5 11.b3 c5 12.Qd2 b5 13.cxb5 axb5 14.Nh4 Bd7 15.Bh6 Qb6
16.Ne4 Nxe4 17.Bxe4 c4 18.Bxg7 Kxg7 19.b4 Nb7 20.Nf3 Ra8 21.Bb1 e5 22.dxe6 fxe6
23.Ne5 Be8 24.Ng4 e5 25.Qh6+ Kg8 26.Be4 Bc6 27.Bxg6 hxg6 28.Qxg6+ Kh8  1/2-1/2

[Event "HUN-ch"]
[Site "Budapest"]
[Date "1995.??.??"]
[Round "11"]
[White "Ruck, Robert"]
[Black "Petran, Pal"]
[Result "1-0"]
[WhiteElo "2435"]
[BlackElo "2470"]

1.c4 Nf6 2.g3 g6 3.Bg2 Bg7 4.d4 O-O 5.Nf3 d6 6.O-O Nbd7 7.d5 Nc5 8.Nd4 Bd7
9.Nc3 Qc8 10.Re1 Bh3 11.e4 Bxg2 12.Kxg2 e5 13.Nb3 b6 14.f3 Nh5 15.a3 Nd7
16.Be3 f5 17.Nd2 f4 18.Bf2 fxg3 19.hxg3 Bh6 20.Nf1 Rf7 21.Nh2 Ndf6 22.Qd3 Qd7
23.b4 Raf8 24.Ne2 c5 25.a4 Bg5 26.a5 h6 27.axb6 axb6 28.bxc5 bxc5 29.Ng1 Bf4
30.Ne2 Bg5 31.Rf1 Nh7 32.Ng4 N7f6 33.Nh2 Nh7 34.Ra6 Be7 35.Be3 Kg7 36.Ng4 Ng5
37.Bxg5  1-0

[Event "Budapest FS03 GM"]
[Site "Budapest"]
[Date "1995.??.??"]
[Round "12"]
[White "Szekely, Peter"]
[Black "Kjeldsen, Jens"]
[Result "1/2-1/2"]
[WhiteElo "2455"]
[BlackElo "2410"]

1.Nf3 Nf6 2.c4 g6 3.d4 Bg7 4.g3 O-O 5.Bg2 d6 6.Nc3 c6 7.O-O a6 8.b3 b5 9.e3 Nbd7
10.Qe2 Bb7 11.Rd1 Rc8  1/2-1/2

[Event "Buenos Aires VII Najdorf op"]
[Site "Buenos Aires"]
[Date "1995.??.??"]
[Round "2"]
[White "Pereyra Arcija, Diego"]
[Black "Fiorito, Fabian"]
[Result "1/2-1/2"]
[WhiteElo "2290"]
[BlackElo "2435"]

1.d4 Nf6 2.Nf3 g6 3.c4 Bg7 4.g3 O-O 5.Bg2 d6 6.O-O Nbd7 7.Qc2 e5 8.Rd1 exd4
9.Nxd4 Re8 10.Nc3 c6 11.b3 Qe7 12.Bb2 Nc5 13.b4 Nce4 14.Nxe4 Nxe4 15.f3 Nf6
16.e4 h5 17.Ne2 a5 18.a3 axb4 19.axb4 Rxa1 20.Bxa1 Be6 21.Nf4 Ra8 22.Bc3 Ra3
23.Qb2 Ra4 24.Bf1 Ne8 25.Ra1 Rxa1 26.Qxa1 Bxc3 27.Qxc3 h4 28.Kf2 hxg3+ 29.hxg3 g5
30.Nxe6 Qxe6 31.c5 g4 32.Bc4 Qh6 33.fxg4 dxc5 34.bxc5 Nf6 35.Qd4 Nxg4+ 36.Kf3 Nf6
37.e5 Qh5+ 38.Kg2 Nd5  1/2-1/2

[Event "Buenos Aires VII Najdorf op"]
[Site "Buenos Aires"]
[Date "1995.??.??"]
[Round "5"]
[White "Robledo, Nestor Daniel"]
[Black "Garbarino, Rodolfo"]
[Result "0-1"]
[WhiteElo "2280"]
[BlackElo "2425"]

1.d4 Nf6 2.c4 g6 3.Nf3 Bg7 4.g3 O-O 5.Bg2 d6 6.O-O c6 7.b3 Bf5 8.Bb2 Na6
9.Nbd2 Qd7 10.Ne1 d5 11.Rc1 Rfd8 12.Ndf3 Bh3 13.Nd3 Bxg2 14.Kxg2 Ne4 15.cxd5 cxd5
16.Nfe5 Qe8 17.f3 Nd6 18.f4 Rac8 19.Qd2 f6 20.Nf3 b6 21.Rxc8 Rxc8 22.Rc1 e6
23.Rc2 Bf8 24.e3 Kf7 25.g4 Ne4 26.Qc1 Rxc2+ 27.Qxc2 Qd8 28.Kf1 Bd6 29.Ke2 h5
30.gxh5 gxh5 31.Nd2 Nxd2 32.Qxd2 Qg8 33.Nf2 Qg6 34.Bc3 Qb1 35.Kf3 Nc7 36.Bb4 Bxb4
37.Qxb4 Qxa2 38.Qd6 Qc2 39.Qd7+ Kf8 40.b4 h4 41.b5 Qc4 42.f5  0-1

[Event "Buenos Aires VII Najdorf op"]
[Site "Buenos Aires"]
[Date "1995.??.??"]
[Round "5"]
[White "Casafus, Ruben"]
[Black "Jerez Araoz, Gerardo"]
[Result "1-0"]
[WhiteElo "2390"]
[BlackElo "2230"]

1.Nf3 Nf6 2.c4 g6 3.d4 Bg7 4.g3 O-O 5.Bg2 d6 6.O-O c6 7.Nc3 Bf5 8.Ne1 Qc8
9.e4 Bh3 10.Qe2 Na6 11.f3 Bxg2 12.Kxg2 Nc7 13.Be3 d5 14.cxd5 cxd5 15.e5 Nd7
16.Rc1 Qd8 17.Nd3 f6 18.Bf4 fxe5 19.Bxe5 Nxe5 20.Nxe5 Qd6 21.Rfe1 a6 22.f4 Rac8
23.Nf3 Bf6 24.h4 Qd7 25.Ne5 Qf5 26.Qf3 Ne6 27.Rcd1 Rfd8 28.Ng4 Qc2+ 29.Re2 Rxc3
30.Nxf6+ exf6 31.Rxc2  1-0

[Event "Buenos Aires IVESS op"]
[Site "Buenos Aires"]
[Date "1995.??.??"]
[Round "5"]
[White "Rivero, Jose Luis"]
[Black "Madina, Martin"]
[Result "0-1"]
[WhiteElo "2170"]
[BlackElo "2290"]

1.d4 Nf6 2.Nf3 g6 3.g3 Bg7 4.Bg2 O-O 5.c4 d6 6.O-O Nbd7 7.Nc3 e5 8.e4 c6
9.h3 Qb6 10.b3 exd4 11.Na4 Qa6 12.Nxd4 Re8 13.Re1 Qa5 14.Bf4 Ne5 15.Rc1 Qc7
16.Nc3 b6 17.Qd2 Bb7 18.g4 Qe7 19.Bg3 Red8 20.Rcd1 Ne8 21.f4 Nd7 22.Nxc6 Bxc6
23.e5 Bxg2 24.exd6 Qf6 25.Kxg2 Qxc3 26.Qxc3 Bxc3 27.Re7 Bf6 28.g5 Bg7 29.Re2 Bf8
30.f5 gxf5 31.b4 Rac8 32.Rd4 Ng7  0-1

[Event "BUL-ch"]
[Site "?"]
[Date "1995.??.??"]
[Round "?"]
[White "Semkov, Semko"]
[Black "Petrov, Marijan"]
[Result "0-1"]
[WhiteElo "2465"]
[BlackElo "2385"]

1.d4 Nf6 2.c4 g6 3.Nf3 Bg7 4.g3 O-O 5.Bg2 d6 6.O-O Nbd7 7.Qc2 e5 8.Rd1 Qe7
9.Nc3 c6 10.b3 Re8 11.e4 exd4 12.Nxd4 Nc5 13.f3 a5 14.Be3 Nfd7 15.Bf2 Ne5
16.Rab1 h5 17.h3 Rf8 18.f4 Ned7 19.Rd2 Nf6 20.a3 Bh6 21.b4 axb4 22.axb4 Ne6
23.c5 d5 24.e5 Ne8 25.Bxd5 cxd5 26.Nxd5 Qd7 27.Ne2 N6g7 28.g4 Qe6 29.Nb6 Nc7
30.Nxa8 Nxa8 31.Rd6 Qe7 32.g5 Bf5 33.Qd1 Bxg5 34.fxg5 Qxg5+ 35.Kh2 Bxb1 36.Qxb1 Qxe5+  0-1

[Event "Bytom op"]
[Site "Bytom"]
[Date "1995.??.??"]
[Round "?"]
[White "Kazek, Krzysztof"]
[Black "Szczygiel, Agnieszka"]
[Result "1/2-1/2"]
[WhiteElo "2255"]
[BlackElo "2120"]

1.Nf3 g6 2.c4 Bg7 3.d4 d6 4.g3 Nf6 5.Bg2 O-O 6.O-O c6 7.Nc3 Bf5 8.Nh4 Be6
9.d5 cxd5 10.cxd5 Bd7 11.Be3 Qa5 12.Bd4 Na6 13.e4 Ba4 14.f3 Bd7 15.f4 Nc7
16.a4 Qb4 17.Na2 Qxa4 18.b3 Qb5 19.Nc3 Qb4  1/2-1/2

[Event "Caceres schev"]
[Site "Caceres"]
[Date "1995.??.??"]
[Round "?"]
[White "Vasallo, Mauricio"]
[Black "Martinez, Daniel"]
[Result "1-0"]
[WhiteElo "2390"]
[BlackElo "2260"]

1.c4 g6 2.g3 Bg7 3.Bg2 d6 4.d4 Nf6 5.Nf3 O-O 6.O-O Nbd7 7.Nc3 e5 8.e4 c6
9.h3 Qb6 10.c5 dxc5 11.dxe5 Ne8 12.e6 fxe6 13.Ng5 Ne5 14.f4 Nf7 15.Nxf7 Rxf7
16.e5 Qc7 17.h4 b6 18.Qg4 Bf8 19.Ne4 Be7 20.h5 Rg7 21.h6 Rf7 22.Rd1 Rf5 23.Qf3 Ba6
24.Nc3 Rd8 25.Rxd8 Qxd8 26.Be3 Qc7 27.Rd1 Kf8 28.Qxc6 Qxc6 29.Bxc6 Bc8 30.Nb5 g5
31.Nxa7 Ba6 32.Rd7 gxf4 33.Bxf4 Rf7 34.Nb5 Bc8 35.Ra7 c4 36.Be3 Rf5 37.Ra8 Rxe5
38.Bf4  1-0

[Event "Caceres"]
[Site "Caceres"]
[Date "1995.??.??"]
[Round "?"]
[White "Bernal Moro, Luis Javier"]
[Black "Herraiz, Herminio"]
[Result "1-0"]
[WhiteElo "2400"]
[BlackElo "2260"]

1.d4 Nf6 2.c4 g6 3.Nf3 Bg7 4.g3 O-O 5.Bg2 d6 6.O-O Nc6 7.d5 Na5 8.Nbd2 c5
9.e4 e6 10.Rb1 b5 11.dxe6 Bxe6 12.cxb5 Bxa2 13.Ra1 Bc4 14.Nxc4 Nxc4 15.e5 Ne8
16.e6 fxe6 17.Ng5 Rf6 18.Bxa8 Qxa8 19.Qa4  1-0

[Event "Canberra"]
[Site "Canberra"]
[Date "1995.??.??"]
[Round "2"]
[White "Kagan, Naum"]
[Black "Barcenilla, Rogelio"]
[Result "1/2-1/2"]
[WhiteElo "2395"]
[BlackElo "2455"]

1.d4 Nf6 2.Nf3 g6 3.g3 Bg7 4.Bg2 O-O 5.c4 d6 6.Nc3 Nc6 7.d5 Na5 8.Nd2 c5
9.O-O a6 10.Qc2 Rb8 11.b3 b5 12.Bb2 bxc4 13.bxc4 Bf5 14.e4 Bd7 15.Nd1 e6
16.Bc3 exd5 17.exd5 Re8 18.Ne3 Qc7 19.Rab1 h5 20.Rxb8 Rxb8 21.Qc1 Ne8 22.Bxg7 Kxg7
23.Qc3+ f6 24.Re1 Nb7 25.Nf3 Qa5 26.Qb2 Qb4 27.Qe2 Ba4 28.Nc2 Qc3 29.Qe7+ Kg8
30.Ne3 Nd8 31.Bh3 f5 32.Qa7 Qb4 33.Qe7 Qc3 34.Qa7 Qb4 35.Qe7 Qc3  1/2-1/2

[Event "Cannes Martinez op"]
[Site "Cannes"]
[Date "1995.??.??"]
[Round "1"]
[White "Anic, Darko"]
[Black "Derieux, Christian"]
[Result "1-0"]
[WhiteElo "2410"]
[BlackElo "2155"]

1.Nf3 Nf6 2.c4 d6 3.d4 g6 4.g3 Bg7 5.Bg2 O-O 6.O-O c5 7.Nc3 a6 8.dxc5 dxc5
9.Qxd8 Rxd8 10.Be3 Be6 11.Ng5 Bxc4 12.Bxb7 Ra7 13.Bf3 Nd5 14.Nxd5 Bxd5 15.Bxc5 Rad7
16.Ba3 h6 17.Bxd5 Rxd5 18.Nf3 a5 19.Rac1 Na6 20.Rc4 Rb8 21.b3 Nb4 22.Bxb4 axb4
23.Rfc1 Ra5 24.Rc8+ Rxc8 25.Rxc8+ Kh7 26.Rc2 Bc3 27.e3 Kg7 28.Kf1 e5 29.Ke2 Rc5
30.Nd2 f5 31.Nb1 Kf6 32.Nxc3 bxc3 33.Kd3 Ke6 34.Rxc3  1-0

[Event "Cannes op"]
[Site "Cannes"]
[Date "1995.??.??"]
[Round "2"]
[White "Kinsman, Andrew PH"]
[Black "Boyd, Stephen"]
[Result "0-1"]
[WhiteElo "2355"]
[BlackElo "2275"]

1.d4 Nf6 2.Nf3 g6 3.c4 Bg7 4.g3 O-O 5.Bg2 d6 6.O-O Nbd7 7.Qc2 e5 8.Rd1 Qe7
9.e4 c6 10.Nc3 Re8 11.b3 exd4 12.Nxd4 Nc5 13.f3 Nfd7 14.Rb1 a5 15.h3 Nf8
16.a3 Nfe6 17.Nde2 Ng5 18.Kh2 f5 19.b4 axb4 20.axb4 Na6 21.Bf4 Nf7 22.Nd4 fxe4
23.Nxe4 d5 24.cxd5 Nxb4 25.Qd2 Nxd5 26.Bf1 Nxf4 27.Qxf4 Ne5 28.Bg2 Kh8 29.Ng5 h6
30.Ne4 Rf8 31.Qc1 Ra2 32.Kh1 Nxf3 33.Bxf3 Rxf3 34.Nxf3 Qxe4 35.Rb3 Qe2 36.Rd2 Rxd2
37.Qxd2 Qf1+ 38.Ng1 Qf7 39.Ra3 Be6 40.h4 Bd5+ 41.Kh2 b5 42.Qe3 b4 43.Ra7 Qe6
44.Qf4 b3 45.Rb7 Qe5 46.Qg4 Qf5 47.Qxf5 gxf5 48.Ne2 b2 49.Nf4 Be4  0-1

[Event "Cannes op"]
[Site "Cannes"]
[Date "1995.??.??"]
[Round "4"]
[White "Gerber, Richard"]
[Black "Grivas, Efstratios"]
[Result "0-1"]
[WhiteElo "2360"]
[BlackElo "2460"]

1.d4 Nf6 2.c4 g6 3.Nf3 Bg7 4.g3 O-O 5.Bg2 d6 6.O-O Nc6 7.Nc3 Bf5 8.b3 Ne4
9.Bb2 Nxc3 10.Bxc3 Be4 11.Qd2 d5 12.Rfd1 e6 13.Rac1 a5 14.Ne5 Nxe5 15.dxe5 Bxg2
16.Kxg2 c6 17.Qe3 Qc7 18.c5 Rae8 19.Qg5 Ra8 20.Bd4 Qd8 21.Qxd8 Rfxd8 22.f4 Kf8
23.Rc3 Ke7 24.Re3 Rf8 25.Rdd3 f6 26.exf6+ Bxf6 27.Bxf6+ Rxf6 28.Re5 Rf5 29.Rxf5 gxf5
30.Rd4 Kd7 31.Kf3 Kc7 32.g4 fxg4+ 33.Kxg4 Rg8+ 34.Kf3 b6 35.cxb6+ Kxb6 36.e4 Rg1
37.exd5 cxd5 38.Kf2 Ra1 39.Ra4 Rh1 40.Kg2 Rc1 41.Kf3 Rc2 42.h4 h5 43.Ke3 Rc1
44.Rd4 Kc5 45.Ra4 Kb5 46.Rd4 Rc3+ 47.Kd2 Rh3 48.f5 Kc5 49.Ra4 exf5 50.Rxa5+ Kd4
51.b4 Rh2+ 52.Ke1 f4 53.b5 Rb2 54.Ra4+ Ke3 55.Ra3+ Ke4 56.Ra4+ d4 57.Ra8 Rxb5
58.Re8+ Kf3 59.a4 Ra5 60.Rh8 Kg3 61.Rg8+ Kxh4 62.Kf2 Rxa4 63.Kf3 Kh3 64.Kxf4 h4
65.Ke4 Kh2 66.Rb8 h3 67.Rb2+ Kg3 68.Rb3+ Kg4 69.Rb2 Ra3 70.Kxd4 Kg3 71.Rb8 h2
72.Rg8+ Kf2 73.Rf8+ Kg2 74.Rg8+ Rg3  0-1

[Event "Cannes Martinez op"]
[Site "Cannes"]
[Date "1995.??.??"]
[Round "5"]
[White "Moulain, Jean Pierre"]
[Black "Berthelot, Yannick"]
[Result "0-1"]
[WhiteElo "2220"]
[BlackElo "2285"]

1.Nf3 Nf6 2.c4 g6 3.d4 Bg7 4.g3 O-O 5.Bg2 d6 6.O-O Nbd7 7.Nc3 e5 8.h3 c6
9.e4 Qb6 10.Re1 exd4 11.Nxd4 Ne8 12.Nc2 Ne5 13.Bf1 Be6 14.Be3 c5 15.Na3 Qxb2
16.Ncb5 Qxa1 17.Qxa1 Nf3+ 18.Kg2 Bxa1 19.Rxa1 a6 20.Nc3 Nd4 21.Rb1 b5 22.cxb5 axb5
23.Naxb5 Nxb5 24.Rxb5 Ra3 25.Bd2 Nc7 26.Rb6 d5 27.Rc6 d4 28.Nb1 Ra7 29.Bh6 Re8
30.Rxc5 Bxa2 31.Nd2 Ne6 32.Rb5 f6 33.h4 Kf7 34.Rb6 Ree7 35.Nc4 Rec7 36.Nd6+ Ke7
37.Bd2 Ra8 38.Bb4 Nc5 39.Nb7 Rb8 40.Ba6 Kf7 41.Bxc5 Rxc5 42.Rb2 Be6 43.Nxc5 Rxb2
44.Nxe6 Kxe6 45.Kf1 Kd6 46.f4 Kc5 47.g4 Rh2 48.Be2 Rxh4 49.Kg2 g5 50.Kg3 Rh1
51.e5 gxf4+ 52.Kg2 Re1 53.Bd3 fxe5 54.Bxh7 Re3 55.Kf2 Rg3 56.Bf5  0-1

[Event "Cannes op"]
[Site "Cannes"]
[Date "1995.??.??"]
[Round "7"]
[White "Andrianov, Nikolai"]
[Black "Touzane, Olivier"]
[Result "1/2-1/2"]
[WhiteElo "2425"]
[BlackElo "2310"]

1.d4 Nf6 2.Nf3 g6 3.g3 Bg7 4.c4 O-O 5.Bg2 d6 6.O-O Nbd7 7.Qc2 e5 8.Rd1 Re8
9.dxe5 dxe5 10.e4 c6 11.h3 Qc7 12.c5 b6  1/2-1/2

[Event "Cannes op"]
[Site "Cannes"]
[Date "1995.??.??"]
[Round "8"]
[White "Gerber, Richard"]
[Black "Kalantarian, Norik"]
[Result "0-1"]
[WhiteElo "2360"]
[BlackElo "2460"]

1.d4 Nf6 2.c4 g6 3.g3 Bg7 4.Bg2 O-O 5.Nf3 d6 6.O-O Nbd7 7.Nc3 e5 8.e4 Re8
9.d5 Nc5 10.Ne1 a5 11.Nd3 Nfd7 12.Be3 b6 13.Nxc5 Nxc5 14.Qc2 f5 15.Rfe1 Qf6
16.exf5 gxf5 17.Nb5 Re7 18.f4 e4 19.Nd4 Bd7 20.Bf1 Nd3 21.Red1 Rae8 22.Be2 Qg6
23.Kh1 h5 24.Rg1 Bf6 25.Raf1 Kh8 26.b3 Nc5 27.Rg2 Rg8 28.Rfg1 Rh7 29.Qd1 Rh6
30.h3 Qh7 31.a3 Qg7 32.b4 axb4 33.axb4 Nd3 34.Nc2 Nb2 35.Qb1 Ba4 36.Bc1 Bd7
37.Ne3 Na4 38.Nd1 Bd4 39.Be3 b5 40.cxb5 Nb6 41.Qb3 Ra8 42.Bxd4 Qxd4 43.Ne3 Kh7
44.Rc1 Ra7 45.Rgg1 Kg6 46.Rgd1 Qf6 47.Rc2 Rh7 48.Rdc1 Be8 49.Bf1 Kh6 50.Kh2 Rg7
51.h4 Bg6 52.Bh3 Rf7 53.Kg1 Qd4 54.Qc3 Qxc3 55.Rxc3 Kg7 56.Kf2 Kf6 57.R1c2 Rg7
58.Rc6 Rb7 59.Ra2 Rf7 60.Bf1 Ke7 61.Ke1 Rf8 62.Kd2 Bh7 63.Bh3 Kf6 64.Ra6 Rg8
65.Raxb6 Rxb6 66.Rxc7 Rxg3 67.Bf1 Bg6 68.Rc6 Rb8 69.Rxd6+ Kg7 70.b6 Rf3 71.Rd7+ Kf6
72.b7 Rxf4 73.Ba6 Rf2+ 74.Ke1 Rb2 75.Rd6+ Kg7 76.Nc4 Rxb4 77.Rb6  0-1

[Event "Cannes op"]
[Site "Cannes"]
[Date "1995.??.??"]
[Round "9"]
[White "Grivas, Efstratios"]
[Black "Apicella, Manuel"]
[Result "1/2-1/2"]
[WhiteElo "2460"]
[BlackElo "2505"]

1.d4 Nf6 2.c4 g6 3.Nf3 Bg7 4.g3 O-O 5.Bg2 d6 6.O-O Nbd7 7.Qc2 e5 8.dxe5 dxe5
9.Rd1 Re8 10.Nc3 c6 11.Ng5 Qe7 12.Nge4 Nc5 13.Nd6 Rd8 14.Nxc8 Raxc8 15.Be3 Bf8
16.Bh3 Rxd1+ 17.Rxd1 Rd8 18.Rxd8 Qxd8 19.b4 Ncd7 20.a3 a5 21.Qa4 Qc7 22.c5 axb4
23.axb4 Kg7 24.Qa8 Be7 25.Bg5 h6 26.Bxf6+ Nxf6 27.Qc8 Bd8 28.Qxc7 Bxc7 29.Bc8 b6
30.cxb6 Bxb6 31.Bb7 Nd5 32.Nxd5 cxd5 33.Bxd5 f5 34.e4 Kf6 35.Kf1 f4 36.Ke2 g5
37.Kf3 Bd4 38.Bc6 Bc3 39.b5 Bd4 40.Be8 Bb6 41.Kg2 Bd4  1/2-1/2

[Event "Cappelle op"]
[Site "Cappelle la Grande"]
[Date "1995.??.??"]
[Round "1"]
[White "Sideif Sade, Fikret I"]
[Black "Daly, Colm"]
[Result "1-0"]
[WhiteElo "2415"]
[BlackElo "2210"]

1.d4 Nf6 2.c4 g6 3.Nf3 Bg7 4.g3 O-O 5.Bg2 d6 6.O-O c6 7.Nc3 Bf5 8.Nh4 Be6
9.d5 cxd5 10.cxd5 Bd7 11.e4 b5 12.a3 a5 13.f4 Na6 14.e5 Ne8 15.e6 fxe6 16.dxe6 Bxe6
17.Re1 Nc5 18.Nxb5 Rb8 19.Nd4 Bxd4+ 20.Qxd4 Ng7 21.Bd5 Bxd5 22.Qxd5+ e6 23.Qd1 Nf5
24.Nxf5 Rxf5 25.Rb1 a4 26.Be3 Nb3 27.Qe2 Qc8 28.Rbd1 Qc6 29.Bd4 Re8 30.Bc3 Qc5+
31.Kg2 Qc6+ 32.Qf3 Qxf3+ 33.Kxf3 d5 34.g4 Rf7 35.Rxd5 Ref8 36.Rxe6 Rxf4+
37.Kg3 Rf3+ 38.Kh4 R8f4 39.Rd7 Kf8 40.Ra6 Ke8 41.Rxh7 Rf7 42.Rxf7 Kxf7 43.Rxa4 Nc5
44.Ra7+ Ke6 45.Rg7 Ne4 46.Rxg6+ Kf7 47.Rc6 Nf2 48.a4 Rh3+ 49.Kg5 Rxh2 50.Kf5 Nd1
51.Rc7+ Kf8  1-0

[Event "Cappelle op"]
[Site "Cappelle la Grande"]
[Date "1995.??.??"]
[Round "1"]
[White "Cvitan, Ognjen"]
[Black "Coenen, Norbert"]
[Result "1-0"]
[WhiteElo "2520"]
[BlackElo "2335"]

1.d4 Nf6 2.Nf3 g6 3.c4 Bg7 4.g3 O-O 5.Bg2 d6 6.O-O Nc6 7.Nc3 a6 8.d5 Na5
9.Nd2 c5 10.Qc2 Rb8 11.b3 b5 12.Rb1 Qc7 13.Bb2 Bh6 14.f4 bxc4 15.bxc4 Rb4
16.a3 Rb7 17.e4 Bd7 18.Ba1 Rfb8 19.Rxb7 Rxb7 20.e5 Bf5 21.Nce4 Bxe4 22.Bxe4 Ne8
23.Bc3 Rb8 24.Qa4 Nb7 25.Nf3 a5 26.Rb1 Bg7 27.Qc6  1-0

[Event "Cappelle op"]
[Site "Cappelle la Grande"]
[Date "1995.??.??"]
[Round "1"]
[White "Kirov, Nino"]
[Black "Elsness, Frode"]
[Result "1-0"]
[WhiteElo "2455"]
[BlackElo "2250"]

1.Nf3 g6 2.d4 Nf6 3.c4 Bg7 4.g3 O-O 5.Bg2 d6 6.O-O Nc6 7.Nc3 a6 8.d5 Na5
9.Nd2 c5 10.Rb1 Rb8 11.b3 b5 12.Bb2 bxc4 13.bxc4 Bh6 14.Ba1 Bd7 15.e3 Rxb1
16.Qxb1 Ng4 17.Re1 Ne5 18.Bf1 f5 19.f4 Nf7 20.Nd1 Bg7 21.Bxg7 Kxg7 22.e4 e5
23.exf5 Bxf5 24.Qa1 Qf6 25.Qc3 Nb7 26.Ne3 Re8 27.Nxf5+ Qxf5 28.Bd3 Qg4 29.Kg2 Qd7
30.Bc2 Re7 31.Rf1 Nh6 32.Nf3 Nf7 33.Re1 Qc7 34.h4 Qa5 35.Qd3 Qxa2 36.h5 e4
37.Rxe4 Rxe4 38.Qxe4 gxh5 39.Qxh7+ Kf8 40.Nh4 Nbd8 41.Kh3 Ke7 42.Nf5+ Ke8
43.Ng7+ Kd7 44.Bf5+ Kc7 45.Ne6+ Kb6 46.Nxd8 Qa1 47.Qxh5 Nxd8 48.Qe8 Qf6 49.Bc8 a5
50.Bg4 Nf7 51.Bc8 Nd8 52.Kg4 a4 53.Bf5 Qg7+ 54.Kh3 Qf6 55.Qb5+ Kc7  1-0

[Event "Cappelle op"]
[Site "Cappelle la Grande"]
[Date "1995.??.??"]
[Round "1"]
[White "Mastrokoukos, Georgios"]
[Black "Moingt, Jean Claude"]
[Result "1-0"]
[WhiteElo "2425"]
[BlackElo "2225"]

1.d4 Nf6 2.Nf3 g6 3.c4 Bg7 4.g3 O-O 5.Bg2 d6 6.O-O c6 7.Nc3 Bf5 8.b3 Ne4
9.Bb2 Nxc3 10.Bxc3 Be4 11.Rc1 d5 12.e3 Nd7 13.Bh3 Bxf3 14.Qxf3 Nf6 15.Rfd1 Ne4
16.Qe2 Nxc3 17.Rxc3 e6 18.cxd5 exd5 19.b4 a6 20.a4 Qb6 21.b5 axb5 22.axb5 cxb5
23.Rc5 b4 24.Rb5 Qd6 25.Rb1 Ra4 26.Qd2 Rfa8 27.R5xb4 Ra2 28.R4b2 R2a7 29.Rxb7 Rxb7
30.Rxb7 Ra1+ 31.Kg2 Bf8 32.Qd3 Qc6 33.Rb1 Ra3 34.Qe2 Qc4 35.Qf3 Bb4 36.Qf4 Be7
37.Be6 fxe6 38.Rb8+ Kg7 39.Rb7  1-0

[Event "Cappelle op"]
[Site "Cappelle la Grande"]
[Date "1995.??.??"]
[Round "2"]
[White "Lisenko, Alexander V"]
[Black "Sahetchian, Armand"]
[Result "1-0"]
[WhiteElo "2390"]
[BlackElo "2210"]

1.c4 Nf6 2.g3 g6 3.Bg2 Bg7 4.d4 O-O 5.Nf3 d6 6.O-O Nbd7 7.Qc2 c6 8.e4 e5
9.Rd1 Qc7 10.b3 Re8 11.Ba3 exd4 12.Nxd4 Nc5 13.Nc3 Bg4 14.f3 Bd7 15.Qf2 Rad8
16.Rac1 Bc8 17.Rc2 a5 18.Bc1 Nfd7 19.Bg5 f6 20.Be3 Ne5 21.Bf1 Qf7 22.Rcd2 a4
23.Nf5 Ncd3 24.Bxd3 gxf5 25.Bb6 Rd7 26.exf5 axb3 27.axb3 Bh6 28.f4 Nxd3 29.Rxd3 Rde7
30.g4 Qg7 31.Qf3 Qf8 32.Bd4 Bg7 33.Re3 Rxe3 34.Bxe3 h5 35.h3 hxg4 36.hxg4 Qe7
37.Re1 Qf7 38.Qd1 Bd7 39.Qxd6 Bf8 40.Qd3 Bc5 41.Ne4 Qg7 42.Bxc5 Qxg4+ 43.Kf2 Qxf4+
44.Qf3 Rxe4 45.Rxe4 Qd2+ 46.Kg3  1-0

[Event "Cappelle op"]
[Site "Cappelle la Grande"]
[Date "1995.??.??"]
[Round "3"]
[White "Pieniazek, Andrzej"]
[Black "Istratescu, Andrei"]
[Result "1/2-1/2"]
[WhiteElo "2205"]
[BlackElo "2505"]

1.d4 Nf6 2.c4 g6 3.Nf3 Bg7 4.g3 O-O 5.Bg2 d6 6.Nc3 Nc6 7.d5 Na5 8.Nd2 c5
9.O-O a6 10.Rb1 Rb8 11.b3 b5 12.Bb2 Bd7 13.Qc2 Qc7 14.Ba1 bxc4 15.bxc4 Rb4
16.a3 Rxb1 17.Rxb1 Rb8 18.Rxb8+ Qxb8 19.Nd1 Qb6 20.Bc3  1/2-1/2

[Event "Cappelle op"]
[Site "Cappelle la Grande"]
[Date "1995.??.??"]
[Round "3"]
[White "Mastrokoukos, Georgios"]
[Black "Blehm, Pawel"]
[Result "1/2-1/2"]
[WhiteElo "2425"]
[BlackElo "2210"]

1.d4 Nf6 2.Nf3 g6 3.c4 Bg7 4.g3 O-O 5.Bg2 d6 6.O-O Bg4 7.h3 Bxf3 8.Bxf3 Nc6
9.Nc3 Nd7 10.e3 e5 11.d5 Ne7 12.e4 f5 13.exf5 gxf5 14.Bg2 Ng6 15.Rb1 Qe7
16.b4 e4 17.Ne2 Nde5 18.Qc2 Nd3  1/2-1/2

[Event "Cappelle op"]
[Site "Cappelle la Grande"]
[Date "1995.??.??"]
[Round "3"]
[White "Romanishin, Oleg M"]
[Black "Zaitsev, Igor A"]
[Result "1-0"]
[WhiteElo "2595"]
[BlackElo "2455"]

1.d4 Nf6 2.Nf3 g6 3.g3 Bg7 4.Bg2 O-O 5.c4 d6 6.O-O Nbd7 7.d5 e5 8.dxe6 fxe6
9.Nc3 Nc5 10.Be3 Nfe4 11.Nxe4 Nxe4 12.Qc2 Nf6 13.c5 Qe7 14.Rad1 d5 15.c6 b6
16.Bd4 Ne4 17.Bxg7 Qxg7 18.Nd4 Nd6 19.a4 a5 20.b3 Kh8 21.Nb5 Nxb5 22.axb5 d4
23.f4 e5 24.Qe4 Be6 25.fxe5 Rxf1+ 26.Rxf1 Rd8 27.Rf3 Qe7 28.Qf4 Kg7 29.Rd3 g5
30.Qd2 h6 31.Rxd4 Rxd4 32.Qxd4 Bxb3 33.Qd7 Kf8 34.Qf5+ Kg7 35.Be4 Kh8 36.Qd7  1-0

[Event "Cappelle op"]
[Site "Cappelle la Grande"]
[Date "1995.??.??"]
[Round "5"]
[White "Pieniazek, Andrzej"]
[Black "Pelle, Guillaume"]
[Result "1-0"]
[WhiteElo "2205"]
[BlackElo "2190"]

1.d4 Nf6 2.c4 g6 3.Nf3 Bg7 4.g3 O-O 5.Bg2 d6 6.O-O Nbd7 7.Nc3 e5 8.e4 c6
9.b3 Re8 10.h3 exd4 11.Nxd4 Nc5 12.Re1 a5 13.Rb1 Nfd7 14.Be3 Qe7 15.f4 Qf8
16.Bf2 Ne6 17.Nde2 Ndc5 18.Qd2 f5 19.exf5 gxf5 20.Rbd1 Qf6 21.g4 Bf8 22.Ng3 Bg7
23.Nce2 fxg4 24.hxg4 Bf8 25.Nh5 Qf7 26.Neg3 Ng7 27.Rxe8 Nxe8 28.f5 a4 29.Qg5+ Kh8
30.Bd4+ Ng7 31.Nxg7 Bxg7 32.Qd8+ Qg8 33.Qxd6  1-0

[Event "Cappelle op"]
[Site "Cappelle la Grande"]
[Date "1995.??.??"]
[Round "5"]
[White "Mastrokoukos, Georgios"]
[Black "Birnbaum, Detlev"]
[Result "1-0"]
[WhiteElo "2425"]
[BlackElo "2190"]

1.d4 Nf6 2.Nf3 g6 3.c4 Bg7 4.g3 O-O 5.Bg2 d6 6.O-O c5 7.Nc3 Nc6 8.d5 Na5
9.Nd2 a6 10.Qc2 Rb8 11.Rb1 b5 12.b3 e6 13.cxb5 axb5 14.b4 cxb4 15.Rxb4 Qc7
16.Qd3 Nxd5 17.Nxd5 exd5 18.Bxd5 Bh3 19.Bg2 Bxg2 20.Kxg2 Qc6+ 21.Kg1 Rfc8
22.Ne4 Nc4 23.Bf4 Ra8 24.Rfb1 d5 25.Nc3 Nb2 26.R4xb2 Qxc3 27.Rxb5 Rxa2 28.Rxd5 Ra1
29.Rd8+ Rxd8 30.Qxd8+ Bf8 31.Rxa1 Qxa1+ 32.Kg2 Qb1 33.Bh6 Qe4+ 34.Kh3 Qe7
35.Qxf8+ Qxf8 36.Bxf8 Kxf8 37.Kg4 f6 38.Kf4 Ke7 39.Ke4 Ke6 40.g4 Kd6 41.h4 Ke6
42.Kd4 h6 43.f4 Kd6 44.e4 Ke6 45.e5 h5 46.g5 fxg5 47.fxg5  1-0